000 01842nam a2200289Ia 4500
999 _c53012
_d53012
001 20043
003 GE_BSU
005 20200605231749.0
008 181216s1966||||ge |||||||||||||| ||geo||
040 _cGE_BSU
041 _ageo
080 _a811.353.1+ 811.222.1 ა-64
100 _aანდრონიკაშვილი, მზია
_98304
245 _aნარკვევები ირანულ-ქართული ენობრივი ურთიერთობიდან = Очерки по Иранско-Грузинским языковым взаимоотношениям = Studies in Iranian-Georgian Linguistik Contacts /
_cმზია ანდრონიკაშვილი ; რედაქტორი გ. ახვლედიანი.
264 _aთბილისი :
_bთბილ. სახელმწ. უნ-ტის გამ-ბა და სტ.,
_c1966.
300 _a634 გვ. ;
_c22 სმ.
500 _aშინაარსი : ძველი ირანული ლექსიკა და საშუალო ირანული სიტყვები ქართულში ; ირანული წარმომავლობის პირის საკუთარი სახელები
501 _a სიტყვათა საძიებელი
504 _aბიბლიოგრ. : გვ. 575-588
505 _a.
520 _aრეზუმე რუსულ და ინგლისურ ენაზე. -
541 _h5ლ.92თ.
653 _aგრამატიკა
653 _aირანულ-ქართული ენობრივი ურთიერთობები
700 _aახვლედიანი, გ.
_eრედაქტორი
_92910
942 _cBK
_2udc